MARC

LEADER 00000nam0a2200000 4500
001 350091
005 20231102010252.0
035 |a (RuTPU)RU\TPU\retro\3580 
090 |a 350091 
100 |a 20181113d1976 km y0gery50 ba 
101 0 |a ger 
102 |a DE 
105 |a a g 001zy 
200 1 |a Vogelpracht in Zucht und Pflege  |f F. Robiller 
205 |a 2-nd ed. 
210 |a Leipzig  |c Edition Leipzig  |d 1976 
215 |a 288 s.  |c il. 
317 |5 63413507: КР-5798  |a Поступила в НТБ в 2018 г. в составе книжного собрания профессора ТПУ А. Г. Бакирова 
320 |a Literatur: p. 284-285 
320 |a Stichwortverzeichnis: p. 286-288 
606 1 |a Птицы  |x Жизнь  |2 stltpush  |3 (RuTPU)RU\TPU\subj\53168  |9 71517 
606 1 |a Птицеводство  |2 stltpush  |3 (RuTPU)RU\TPU\subj\53161  |9 71511 
610 1 |a виды 
610 1 |a описание 
610 1 |a распространение 
610 1 |a образ жизни 
610 1 |a поведение 
610 1 |a разведение 
610 1 |a содержание 
610 1 |a уход 
610 1 |a кормление 
610 1 |a советы 
610 1 |a рекомендации 
610 1 |a справочники 
610 1 |a немецкий язык 
610 1 |a коллекция А. Г. Бакирова 
675 |a 598(035)  |v 4 
675 |a 636/639(035)  |v 4 
700 1 |a Robiller  |b F.  |g Franz 
801 1 |a RU  |b 63413507  |c 20181113 
801 2 |a RU  |b 63413507  |c 20181210  |g RCR 
942 |c BK